Matematika pre druhý ročník ZŠ 2. diel

Bibliographic Details
Main Authors: Repáš, Vladimír (Author), Totkovičová, Martina, 1976- (Author), Jančiarová, Ingrid (učiteľka základných škôl) (Author)
Other Authors: Ondreičková, Daniela, 1951- (Illustrator)
Format: Book
Language:Slovak
PhysicalDescription:72 s. ilustr. 30 cm
Published: Bratislava Orbis Pictus Istropolitana 2017
ISBN:9788081205033
Subjects:

MARC

LEADER 00000cam a2200000 a 4500
001 vtls011715917
003 SK-MaSNL
005 20260301222446.0
008 200104s2017 xo a b p 000 0 slo
015 |a SNBA2017/11 
020 |a 9788081205033  |q (brož.) 
035 |a urn:nbn:sk:snk-am00czop 
035 |a urn:nbn:sk:snk-am3hgok 
035 |a 33A3A53F-6C1C-4895-8F0A-0CB36D562563 
040 |a SNK  |b slo  |c SNK  |e AACR2 
041 0 |a slo 
044 |a xo  |c SK 
072 7 |a 51  |x Matematika  |2 konspekt 
072 7 |a 373.2/.3  |x Predškolská a primárna výchova a vzdelávanie  |2 konspekt 
080 |a 51  |2 2011 
080 |a (075.2)  |2 2011 
080 |a (076.1)  |2 2011 
245 0 0 |a Matematika pre druhý ročník ZŠ  |n 2. diel  |c V. Repáš ... [et al.] ; [ilustrácie Daniela Ondreičková] 
246 1 4 |a Matematika 2 
260 |a Bratislava  |b Orbis Pictus Istropolitana  |c 2017 
300 |a 72 s.  |b ilustr.  |c 30 cm 
650 0 7 |a matematika  |2 SNKPH  |9 70174 
650 0 7 |a Mathematics  |2 SNKPHeng  |9 265620 
655 7 |a učebnice základných škôl  |2 SNKPH  |9 70187 
655 7 |a pracovné zošity  |2 SNKPH  |9 70188 
655 7 |a Textbooks (elementary)  |2 SNKPHeng  |9 276977 
655 7 |a Activity books  |2 SNKPHeng  |9 302885 
700 1 |a Repáš, Vladimír  |4 aut  |9 213413 
700 1 |a Totkovičová, Martina,  |d 1976-  |4 aut  |9 69037 
700 1 |a Ondreičková, Daniela,  |d 1951-  |4 ill  |9 193858 
700 1 |a Jančiarová, Ingrid  |c (učiteľka základných škôl)  |4 aut  |9 195543 
852 |a Štátna vedecká knižnica v Banskej Bystrici 
919 |a 978-80-8120-503-3 
999 |c 939986  |d 941916 
952 |a SNK  |b SNK  |y PREZ  |7 0  |p 17A1274079  |o snkSB 92077/2  |i snk2017/23276  |8 0  |0 0  |1 0  |4 0  |d 2017-10-23  |f 1  |l 0  |r 2025-05-13 00:00:00  |w 2026-02-24 
952 |a SNK  |b SNK  |y VYP  |7 0  |p 17A1274080  |o snkSB 92077/2 D1  |i snk2017/23278  |8 0  |0 0  |1 0  |4 0  |d 2017-10-23  |l 0  |r 2026-02-24 09:15:40  |w 2026-02-24